000 00288nam a22001337a 4500
008 171124b xxu||||| |||| 00| 0 eng d
020 _a9781555532567
041 _aeng
080 _a94
100 _a13
101 _aHIS
245 _aROT OF BITTERNESS
_cCOTT.N.F
942 _2udc
_cBK
999 _c38498
_d38498